LEADER 01405nas a2200313 i 4500 001 000000136244 003 CaOOAMICUS 005 20060427000000.0 008 050321b2005 be uu u0 0mul r 013 $a109728 040 $aSeMil$bita 245 10$a[2005] /$cRedactie R. Bieringer ... [et al.]. 260 $aLeuven :$bPeeters,$c2005. 300 $aVI, 475 p. ;$c24 cm + [1] c. di allegato. 500 $aContiene : Summaries [sezioni]. - In Allegato : Pieghevole illustrativo. 700 1 $aBieringer, Reimund.$0(OLS)http://semarc/name/20034 700 1 $aNederlandse Organisatie voor Wetenschappelijk Onderzoek .$0(OLS)http://semarc/name/42395 773 0 $tBijdragen.$dNijmegen : [s.n.], 1938.$x0006-2278$w()1995 774 0 $t[SENZA TITOLO]. - Contiene.$w()260591 774 0 $t[SENZA TITOLO]. - Contiene.$w()262260 774 0 $t[SENZA TITOLO]. - Contiene.$w()262690 774 0 $t[SENZA TITOLO]. - Contiene.$w()264095 774 0 $tDeel 66.$w()264096 774 0 $t"Heeft het christendom nog een toekomst in Europa?", Philosophical Congress, University Antwerp, 10 February 2006 [programma].$w()264097 850 $aSeMil 852 $aSeMil$W1$xVenegono$y1$m231 4 29$j89862$B89862$CSeMilBibl$Z2$F110815 $85 961 $aAbbonamento: Peeters 996 $6245$a[2005]$9(OLS)http://semarc/title/199108 996 $6260$aLeuven :$bPeeters$9(OLS)http://semarc/publisher/29755 LEADER 01118nam a2200253 i 4500 001 000000358185 003 CaOOAMICUS 005 20240502104756.0 008 240502s2024 it u000 u ita u 020 $a978-88-6929-057-2 040 $aSeMil$bita 245 03$a1: Fondamenti e percorsi bioetici /$cOreste Aime ... [et al.]. 264 1$aCantalupa (TO) :$bEffatą,$c2024. 300 $a760 p. ;$c24 cm. 490 1 $aStudia taurinensia. Michele Pellegrino ;$v8 700 1 $aAime, Oreste,$d<1949- >.$0(OLS)http://semarc/name/51530 773 0 $tManuale di bioetica.$dCantalupa (TO) : Effatą, 2024.$kStudia taurinensia. Michele Pellegrino$g1$w()357186 830 0$aStudia taurinensia. Michele Pellegrino ;$v8.$0(OLS)http://semarc/title/24858 850 $aSeMil 852 $aSeMil$W1$xVenegono$y1$m2LA R 8$j263064$B249303$CSeMilBibl$Z2$F249303 $81 996 $6020$a978-88-6929-057-2$9(OLS)http://semarc/number/300332 996 $6245$a1: Fondamenti e percorsi bioetici$9(OLS)http://semarc/title/448488 996 $6264$aCantalupa (TO) :$bEffatą$9(OLS)http://semarc/publisher/32483